| 000 | 00818nam a2200277 a 4500 | ||
|---|---|---|---|
| 001 | vtls001192539 | ||
| 003 | NLI | ||
| 005 | 20210603151049.0 | ||
| 008 | 120328s1915 ii a 000 0 eng d | ||
| 039 | 9 |
_y201203281643 _zVLOAD |
|
| 040 |
_a NLI _b eng _c Entertech IMP - 2012 _e AACR2 |
||
| 041 | 0 | _aeng | |
| 044 | _aii | ||
| 084 | _a131.D.165 | ||
| 100 | 1 |
_aHamilton, Alice, _d1869-1970 _9457698 |
|
| 245 | 1 | 0 |
_aLead poisoning in the manufacture of storage batteries / _cAlice Hamilton |
| 260 |
_aCalcutta : _bIndustry Book Dept, _c1915 |
||
| 300 |
_avi, 174 p. : _bill. ; _c18 cm. |
||
| 650 | 0 | _aStorage batteries | |
| 650 | 0 |
_aLead-poisoning _9626170 |
|
| 887 | _a | ||
| 901 |
_aIMP78107 : _b12.10.2010 |
||
| 902 | _a131.D.165 | ||
| 942 |
_2ddc _cBKS |
||
| 949 |
_AVIRTUAITEM _D10000 _X100 _6IMP000078107ENG |
||
| 999 |
_c463544 _d463544 |
||